[Event "IECC KO email"]
[White "Martin, Dennis"]
[Black "Kolacz, Wojciech"]
[Site "IECC email"]
[Round "?"]
[Result "1/2-1/2"]
[Date "1999.07.17"]
[WhiteElo "1677"]
[BlackElo "1795"]
[PlyCount "72"]
[EventDate "1999.??.??"]
[EventType "tourn (corr)"]
[EventRounds "6"]
[SourceTitle "Corr 2008"]
[Source "ChessBase"]
[SourceDate "2008.06.24"]
[SourceVersion "1"]
[SourceVersionDate "2008.06.24"]
[SourceQuality "1"]

1. e4 c5 2. Nc3 Nc6 3. Bc4 g6 4. Nf3 Bg7 5. 0-0 d6 6. d3 Nf6 7. Be3 0-0 8. e5 Ng4 9. exd6 Nxe3 10. fxe3 exd6 11. e4 Bg4 12. Qd2 Ne5 13. Nxe5 Bxe5 14. Rab1 Qh4 15. g3 Qh5 16. Nd5 Bd4+ 17. Ne3 Qg5 18. Rf4 Be6 19. c3 Bxe3+ 20. Qxe3 Bxc4 21. dxc4 Rae8 22. Qd3 Re6 23. Rbf1 Qe7 24. b3 Qd7 25. b4 b6 26. Qf3 Re7 27. Qd1 Qc6 28. b5 Qd7 29. Qd5 Re5 30. Qd3 Re7 31. Rf6 Re6 32. a3 Qe7 33. R6f4 Qg5 34. Kg2 Qe7 35. Kg1 Qg5 36. R1f2 Qe7 1/2-1/2

[Event "IECC M email"]
[White "Winder, Stephen"]
[Black "Kolacz, Wojciech"]
[Site "IECC email"]
[Round "?"]
[Result "0-1"]
[Date "1999.07.12"]
[WhiteElo "1773"]
[BlackElo "1812"]
[PlyCount "126"]
[EventDate "1999.??.??"]
[EventType "tourn (corr)"]
[EventRounds "6"]
[SourceTitle "Corr 2008"]
[Source "ChessBase"]
[SourceDate "2008.06.24"]
[SourceVersion "1"]
[SourceVersionDate "2008.06.24"]
[SourceQuality "1"]

1. e4 c6 2. d4 d5 3. Nc3 dxe4 4. Nxe4 Nd7 5. Nf3 Ngf6 6. Ng3 e6 7. Bd3 c5 8. Be3 Qc7 9. 0-0 Be7 10. Re1 0-0 11. c3 c4 12. Bc2 b6 13. Ne5 Nd5 14. f4 Nxe3 15. Rxe3 g6 16. Be4 Bb7 17. Bxb7 Qxb7 18. Nxc4 Qc7 19. Qf1 Nf6 20. Ne5 Rac8 21. a4 Nd5 22. Rf3 Qb7 23. Qe2 a6 24. Ne4 b5 25. Ng5 Nxf4 26. Qe4 Qxe4 27. Nxe4 Nd5 28. Nd7 Rfd8 29. Nec5 b4 30. a5 Rc7 31. c4 Bxc5 32. Nxc5 Ne7 33. b3 Rc6 34. Nd3 Rxd4 35. Nxb4 Rcd6 36. c5 Rd7 37. Nc2 R4d5 38. b4 Rd2 39. Rc1 Nc6 40. Kf1 f5 41. Re3 Kf7 42. Re2 e5 43. Ke1 R2d3 44. Rb1 Na7 45. Rxe5 Nb5 46. Re3 Rd2 47. Rb2 Rxg2 48. Re2 Rg4 49. Ne3 Re4 50. Nf1 Rh4 51. Nd2 Nd4 52. Rf2 Rb7 53. Nc4 Nf3+ 54. Rxf3 Rxc4 55. Rfb3 Ke6 56. Ke2 Kd5 57. h3 g5 58. Rf3 f4 59. Rfb3 h5 60. Kf3 Rc1 61. h4 gxh4 62. Kxf4 Rg1 63. b5 Rg4+ 0-1